00375nam a2200133Ia 4500008004100000020001800041082002300059100003300082245006200115250000700177260002300184300001100207650002300218120622s9999 xx 000 0 und d a968-412-017-6 a657 S252c v.1 1979 aSastrias Freudenberg, Marcos aContabilidad : primer curso / Marcos Sastrias Freudenberg a11 aMéxico : Esfinge a204 p. a1. CONTABILIDADÌ